| 000 | 01064nam a22003137a 4500 | ||
|---|---|---|---|
| 003 | CHAP | ||
| 005 | 20220329141312.0 | ||
| 008 | 110721s1975 mx a r 00010 spa d | ||
| 010 | _a66058 | ||
| 011 | _a67030 | ||
| 035 | _a76137 | ||
| 040 | _cCHAP | ||
| 090 | _aFolleto 17986 | ||
| 100 | 0 | 0 |
_aHernández Aguilar, Plutarco. _953780 |
| 245 | 1 | 0 |
_aFormación defectuosa del sistema radicular del mango _c/por Plutarco Hernández Aguilar |
| 260 |
_aMéxico, D.F. : _bComisión Nacional de Fruticultura, _c1975 |
||
| 300 | _a6 p | ||
| 490 | 0 |
_aSerie Divulgación _v; 19 |
|
| 590 |
_aBATCH-UPD _b10 _c20130110 _lUCH01 _h0806 |
||
| 590 |
_aBATCH-UPD _b10 _c20130410 _lUCH01 _h0444 |
||
| 590 |
_aBATCH-UPD _b10 _c20130914 _lUCH01 _h1743 |
||
| 590 |
_aCONVERSION _b10 _c20130109 _lUCH01 _h1336 |
||
| 650 | 1 | 4 |
_aMango _xFisiología y morfología. _970418 |
| 650 | 1 | 4 |
_aRaíces _xFisiología y morfología. _994675 |
| 830 | 0 |
_aSerie Divulgación _v; 19 _9104805 |
|
| 901 | _aBK | ||
| 942 | _cFOLL | ||
| 949 |
_aFolleto 17986 _bBC _cFOLL _d33724002244694 _eTS1 _gDonaciØn _i76137 _sb |
||
| 999 |
_c66058 _d66058 |
||